| 000 | 00555nam a2200181 4500 | ||
|---|---|---|---|
| 008 | 0 2001 0a 000 0MEX | ||
| 020 | _a970-10-3001-X | ||
| 050 | _aHC28 B116 2001 | ||
| 082 | _a658.404 B113e | ||
| 100 | _aBaca Urbina, Gabriel | ||
| 245 | _aEvaluación de proyectos / Gabriel Baca Urbina | ||
| 250 | _a4 | ||
| 260 | _aMéxico : McGraw-Hill | ||
| 300 | _axx, 383 p. / 24 cm. | ||
| 500 | _aIncluye indice analitico | ||
| 650 | _a1.ADMINISTRACION-ANALISIS \ 2.PROYECTOS-EVALUACION | ||
| 700 | _aArellano Bolio, Lourdes, Rev.tec. | ||
| 999 |
_c13471 _d13471 |
||